SOUTH ASIAN DEITION OF MARTINS PHISICAL PHARMACY AND PHARMACEUTICAL SCIENCE (Record no. 7459)

MARC details
000 -LEADER
fixed length control field 00498nam a22001817a 4500
005 - DATE AND TIME OF LATEST TRANSACTION
control field 20230112112005.0
008 - FIXED-LENGTH DATA ELEMENTS--GENERAL INFORMATION
fixed length control field 210219b ||||| |||| 00| 0 eng d
020 ## - INTERNATIONAL STANDARD BOOK NUMBER
ISBN 978--93-5129-755-0
041 ## - LANGUAGE CODE
Language code of text/sound track or separate title eng
082 ## - DEWEY DECIMAL CLASSIFICATION NUMBER
Classification number 615.19
100 ## - MAIN ENTRY--AUTHOR NAME
Personal name SINKO, PATRIC.J
245 ## - TITLE STATEMENT
Title SOUTH ASIAN DEITION OF MARTINS PHISICAL PHARMACY AND PHARMACEUTICAL SCIENCE
250 ## - EDITION STATEMENT
Edition statement 7TH, ED.
260 ## - PUBLICATION, DISTRIBUTION, ETC. (IMPRINT)
Place of publication NEW DELHI
Name of publisher WOLTER KLUWER
Year of publication 2017
300 ## - PHYSICAL DESCRIPTION
Number of Pages 701,P
650 ## - SUBJECT ADDED ENTRY--TOPICAL TERM
Topical Term PHARMACY
General subdivision B.PHARMA
942 ## - ADDED ENTRY ELEMENTS (KOHA)
Koha item type Books
Holdings
Lost status Damaged status Collection code Home library Current library Shelving location Date acquired Source of acquisition Cost, normal purchase price Full call number Accession Number Koha item type
    Reference JRU Library JRU Library SHELF 9 - C 19/02/2021 PURCHES / LBI - 1710 / 11-2-21 2199.00 615.19 25570 Books
    PHARMACY JRU Library JRU Library SHELF-18-F 19/02/2021 PURCHES / LBI - 1710 / 11-2-21 2199.00 615.19 25571 Books
    PHARMACY JRU Library JRU Library Shelf - 23- D 06/03/2021 PURCHES 2199.00 615.19 25737 Books
    PHARMACY JRU Library JRU Library Shelf - 23- D 06/03/2021 PURCHES 2199.00 615.19 25738 Books
    PHARMACY JRU Library JRU Library Shelf - 23- D 08/02/2022 PURCHASE 2199.00 619.19 25959 Books
    PHARMACY JRU Library JRU Library Shelf - 23- D 08/02/2022 PURCHASE 2199.00 619.19 25960 Books